les trous noirs - Statistiques

Statistiques générales
  • Ce quiz a été pris 38 fois
  • Le résultat moyen est 5 sur 15
Statistiques - réponses
Hint Réponse % Correct
selon quelle théorie ? la relativité
83%
qui a théorisé (sans le vouloir) les trous noirs ? Albert Einstein
78%
quel est l'inverse d'un trou noir ? un trou blanc
65%
quel film a un trou noir approuvé par la NASA ? Interstellar
57%
quel trou noir se trouve au centre de notre galaxie ? sagittarius A*
57%
quel est le nom de la limite entre le visible et l'invisible ? l'horizon des événements
43%
comment s'appelle les trous noirs supermassifs ? un quasar
35%
comment s'appelle le centre d'un trou noir ? la singularité
30%
quel est le plus gros trou noir confirmé par la NASA ? TON 618
30%
quel est son nom ? Gargantua
22%
quel parti du trou noir est plus brillant que les étoiles ? le disque d'accrétion
13%
quel trou noir a été photographié ? M87*
13%
quel est son poids ? 66 milliards de M☉
4%
qui a modélisé pour la première fois un trou noir ? Jean-Pierre Luminet
4%
quel événement peut créer des trous noirs ? une hypernova
4%
Aucun quiz correspondant
Distribution des résultats
% des personnes avec chaque résultat
Percentile par nombre de réponses
Votre historique - résultats
Vous n’avez pas pris ce quiz